| 000 | 01165nam a2200253 a 4500 | ||
|---|---|---|---|
| 001 | 58276 | ||
| 003 | BD-RjUL | ||
| 005 | 20211209080614.0 | ||
| 008 | 161217s1966 bg ||||| |||| 00| 0 ben d | ||
| 020 | _a: Tk. 4.00 | ||
| 035 | _a(BD-RjUL)58400 | ||
| 040 |
_aBD-RjUL _bben _cBD-RjUL |
||
| 041 | _aben | ||
| 082 |
_223 _a320.973 _bAME 1966 |
||
| 245 | 0 | 0 |
_aআমেরিকার রাজনৈতিক পদ্ধতি / _cসম্পাদনা : লিওনার্দ ডব্লিউ লেভী, জন্ পি রোচি ; অনুবাদ : ফকির জোনাব আলী |
| 260 |
_aঢাকা : _bখোরশেদ কিতাব মহল, _c১৯৬৬ |
||
| 300 |
_a[১০], ২৬৬ পৃ. ; _c২৩ সেমি. |
||
| 650 |
_aরাজনীতি _zআমেরিকা _9173102 |
||
| 650 |
_aPolitics _zAmerica _9173103 |
||
| 700 |
_aলেভী, লিওনার্দ ডব্লিউ, সম্পাদক _9173104 |
||
| 700 |
_a রোচি , জন্ পি, সম্পাদক _9173105 |
||
| 700 |
_aআলী, ফকির জোনাব, অনুবাদক _9173106 |
||
| 942 |
_2ddc _cBK |
||
| 999 |
_c58276 _d58276 |
||